History Quiz

Random History or Biography Quiz

Whose Wikipedia article? 9 - history Quiz Stats

 Plays Quiz not verified by Sporcle

Score 0/20 Timer 15:00
0 Plays Today
Question Answer Wrong Answers
[Person] was the second wife of Argentine President Juan Perón (1895–1974) and served as the First Lady of Argentina from 1946 until her death in 1952. Eva Perón
83.5%
Isabel Martínez de Perón
5.2%
Andrea Peron
2.1%
Aurelia Tizón Perón
0%
[Person] was a queen of the British Celtic Iceni tribe who led an uprising against the occupying forces of the Roman Empire. Boudica
79.4%
Cartimandua
5.2%
Adobogiona
4.1%
Camma
2.1%
[Person] was an English archaeologist and Egyptologist who became world-famous after discovering the intact tomb (designated KV62) of the 18th Dynasty Pharaoh, Tutankhamun (colloquially known as 'King Tut' and 'the boy king') in November 1922. Howard Carter
77.3%
Flinders Petrie
2.1%
George Herbert, 5th Earl of Carnarvon
11.3%
Indiana Jones
0%
[Person] was an Italian Renaissance historian, politician, diplomat, philosopher, humanist, and writer. Niccolò Machiavelli
76.3%
Francesco Guicciardini
7.2%
Sergio Mattarella
3.1%
Alcide De Gasperi
4.1%
[Person] was a French aristocrat and military officer who fought in the American Revolutionary War. Gilbert du Motier, Marquis de Lafayette
75.3%
François Alexandre Frédéric, duc de la Rochefoucauld-Liancourt
11.3%
Honoré Gabriel Riqueti, comte de Mirabeau
3.1%
Isaac René Guy le Chapelier
4.1%
[Person] was a German-born diarist and writer. Anne Frank
70.1%
Nella Last
0%
Lewis Carroll
3.1%
Elie Wiesel
15.5%
[Person] was the mother of several criminals who ran the Barker gang during the 'public enemy era', when the exploits of gangs of criminals in the U.S. Midwest gripped the American people and press. Ma Barker
68%
Bonnie Parker
12.4%
Sister Ping
4.1%
Hell-Cat Maggie
5.2%
[Person] was the second wife of John Tyler, who was the tenth President of the United States, and served as First Lady of the United States from June 26, 1844, to March 4, 1845. Julia Gardiner Tyler
58.8%
Mary Tyler Moore
7.2%
Rose Tyler
18.6%
Bonnie Tyler
7.2%
[Person] was an English witch-hunter whose career flourished during the English Civil War. Matthew Hopkins
55.7%
John Stearne
20.6%
Peter Binsfeld
10.3%
John Cotta
6.2%
[Person] was a pre-colonial Native American leader and co-founder of the Iroquois Confederacy. Hiawatha
54.6%
Flying Hawk
18.6%
Sapiah
6.2%
Red Bird
11.3%
[Person] was the morganatic wife of Archduke Franz Ferdinand of Austria, the heir to the Austro-Hungarian throne. Sophie, Duchess of Hohenberg
53.6%
Sophie, Princess of Prussia
17.5%
Sophie of Saxony, Duchess of Pomerania
15.5%
Sophie, Countess of Wessex
4.1%
[Person] was an English lighthouse keeper's daughter, famed for participating in the rescue of survivors from the shipwrecked Forfarshire in 1838. Grace Darling
53.6%
Ann Harvey
12.4%
Grace Bussell
14.4%
Roberta Boyd
10.3%
[Person] was a Welsh cleric and one of the major figures in the development of British historiography and the popularity of tales of King Arthur. Geoffrey of Monmouth
52.6%
Bede
8.2%
Uther Pendragon
15.5%
Rhys ap Gruffydd
13.4%
[Person] was a suffragette who fought for women's suffrage in Britain in the early 20th century. Emily Davison
51.5%
Emily Temple-Wood
21.6%
Emily Young
7.2%
Emily Hood Westacott
9.3%
[Person] was a popular English music hall performer of the Victorian era known as 'The Vital Spark' and 'the Queen of the Halls'. Jenny Hill
46.4%
Vera Lynn
30.9%
Julie Andrews
5.2%
Judy Garland
6.2%
[Person] was an English physician and a leader in the adoption of anesthesia and medical hygiene. John Snow
44.3%
Tom Snow
4.1%
Peter Snow
11.3%
Edgar Snow
30.9%
[Person] was an American author, political activist, and lecturer. Helen Keller
34%
Eleanor Roosevelt
12.4%
Sojourner Truth
32%
Lilly Ledbetter
11.3%
[Person] was the Queen of England and Ireland from July 1553 until her death. Mary I of England
34%
Elizabeth I of England
39.2%
Anne, Queen of Great Britain
5.2%
Mary II of England
11.3%
[Person] was a Royal Navy officer, the first Governor of New South Wales and led the colonisation of what is now Australia and founded the British penal colony that later became the city of Sydney, Australia. Arthur Phillip
26.8%
John Hope, 1st Marquess of Linlithgow
22.7%
Peter Cosgrove
15.5%
George Villiers, 1st Duke of Buckingham
25.8%
[Person] was a Roman politician and general who played a critical role in the transformation of the Roman Republic from an oligarchy into the autocratic Roman Empire. Mark Antony
13.4%
Julius Caesar
50.5%
Augustus
19.6%
Nero
8.2%

You're not logged in!

Compare scores with friends on all Sporcle quizzes.
OR
Log In

You Might Also Like...

Show Comments

Extras

Top Quizzes Today


Score Distribution

Your Account Isn't Verified!

In order to create a playlist on Sporcle, you need to verify the email address you used during registration. Go to your Sporcle Settings to finish the process.

Report this User

Report this user for behavior that violates our Community Guidelines.

Details: